[Event "Pan American Intercollegiate-chT"]
[Site "Charlotte"]
[Date "2019.12.28"]
[Round "2.3"]
[White "Yang, Christopher"]
[Black "Quesada Perez, Yuniesky"]
[Result "1/2-1/2"]
[WhiteElo "2132"]
[BlackElo "2601"]
[PlyCount "53"]
[EventDate "2019.12.27"]
[EventType "team-swiss"]
[EventRounds "6"]
[EventCountry "USA"]
[SourceTitle "CBM 194 Extra"]
[Source "ChessBase"]
[SourceDate "2020.03.31"]
[SourceVersion "1"]
[SourceVersionDate "2020.03.31"]
[SourceQuality "1"]
[WhiteTeam "Princeton II"]
[BlackTeam "Webster Univ II"]
[WhiteTeamCountry "USA"]
[BlackTeamCountry "USA"]

1. e4 d5 2. exd5 Qxd5 3. Nc3 Qd6 4. d4 Nf6 5. Nf3 c6 6. h3 Bf5 7. Bd3 Bxd3 8. Qxd3 Nbd7 9. 0-0 e6 10. Ne2 Qc7 11. Bf4 Bd6 12. Bxd6 Qxd6 13. Rad1 0-0 14. c4 Rad8 15. Nc3 Qb4 16. b3 Rfe8 17. Rfe1 Nf8 18. Qc2 Ng6 19. Ne5 Qa5 20. Re3 c5 21. dxc5 Rxd1+ 22. Nxd1 Qxc5 23. Nxg6 hxg6 24. Nc3 Qa5 25. Rd3 a6 26. Qd2 Qc7 27. Qe3 1/2-1/2

[Event "US Open-116"]
[Site "Phoenix"]
[Date "2015.08.06"]
[Round "6"]
[White "Peatman, Carter F"]
[Black "Yang, Christopher"]
[Result "1/2-1/2"]
[WhiteElo "2067"]
[BlackElo "2098"]
[PlyCount "58"]
[EventDate "2015.08.01"]
[EventType "swiss"]
[EventRounds "9"]
[EventCountry "USA"]
[SourceTitle "CBM 167 Extra"]
[Source "ChessBase"]
[SourceDate "2015.09.14"]
[SourceVersion "1"]
[SourceVersionDate "2015.09.14"]
[SourceQuality "1"]

1. e4 c5 2. Nf3 d6 3. d4 cxd4 4. Nxd4 Nf6 5. Nc3 Nc6 6. Bg5 e6 7. Qd2 a6 8. Be2 Bd7 9. Nb3 b5 10. a3 Rc8 11. Rd1 Ne5 12. 0-0 Qb6 13. Nd4 Be7 14. Nf3 Qc7 15. Nxe5 dxe5 16. f4 Qa7+ 17. Kh1 exf4 18. e5 Nd5 19. Bxe7 Kxe7 20. Nxd5+ exd5 21. Qxd5 Qc7 22. Rxf4 Be6 23. Qd6+ Qxd6 24. exd6+ Kd7 25. c3 Rc6 26. a4 Rb8 27. axb5 axb5 28. Rb4 Rc5 29. h3 Bc4 1/2-1/2